Strategický marketing strategie a trendy

Saved in:
Bibliographic Details
Main Author: Jakubíková, Dagmar
Other Authors: Janeček, Petr
Format: Book
Language:Czech
Published: Praha Grada Publishing 2023
Edition:3. přepracované a rozšířené vydání
Subjects:
Tags: Add Tag
No Tags, Be the first to tag this record!

MARC

LEADER 00000nam a2200000 4500
001 0304773
005 20250108130633.4
020 |a 978-80-271-3722-0 
041 0 |a cze 
044 |a CZ 
245 1 0 |a Strategický marketing  |b strategie a trendy  |c Dagmar Jakubíková, Petr Janeček 
250 |a 3. přepracované a rozšířené vydání 
264 1 |a Praha  |b Grada Publishing  |c 2023 
300 |a 428 s. 
610 2 0 |a marketing strategický 
610 2 0 |a stratégia marketingová 
610 2 0 |a marketing environmentálny 
610 2 0 |a marketing sociálny 
610 2 0 |a marketing mix 
610 2 0 |a politika cenová 
610 2 0 |a distribúcia 
610 2 0 |a komunikácia marketingová 
100 1 |a Jakubíková, Dagmar 
700 1 |a Janeček, Petr